Where US Workers Come From Quiz Stats

 Plays Quiz Updated Dec 13, 2018

Challenge
Share
Tweet
Embed
Score 0/50 Timer 03:00
10 Plays Today
% Correct
Mexico
98.3%
Mexico
98.3%
Mexico
98.3%
Mexico
98.3%
Mexico
98.3%
Mexico
98.3%
China
97%
China
97%
China
97%
China
97%
China
97%
China
97%
India
94.6%
India
94.6%
India
94.6%
India
94.6%
India
94.6%
India
94.6%
Canada
91.1%
Canada
91.1%
Canada
91.1%
United Kingdom
85.4%
United Kingdom
85.4%
Brazil
82.7%
Russia
82.6%
% Correct
Germany
82%
Germany
82%
North Korea/South Korea
62.7%
Guatemala
49.5%
Guatemala
49.5%
Guatemala
49.5%
Vietnam
49%
Vietnam
49%
Vietnam
49%
Vietnam
49%
Honduras
45.5%
Honduras
45.5%
Philippines
41.5%
Philippines
41.5%
Philippines
41.5%
Philippines
41.5%
Philippines
41.5%
Philippines
41.5%
El Salvador
40.5%
El Salvador
40.5%
El Salvador
40.5%
El Salvador
40.5%
Taiwan
30.1%
Taiwan
30.1%
Laos
20.3%

You're not logged in!

Compare scores with friends on all Sporcle quizzes.
OR
Log In

You Might Also Like...

Show Comments

Extras

Top Quizzes Today


Score Distribution

Your Account Isn't Verified!

In order to create a playlist on Sporcle, you need to verify the email address you used during registration. Go to your Sporcle Settings to finish the process.

Report this User

Report this user for behavior that violates our Community Guidelines.

Details: